Statystyki dla Wszystkie miasta w wojewodztwie Świętokrzyskim

Kliknij tutaj aby rozwiązać quiz!

Ogólne statystyki

  • Ten quiz został rozwiązany 37 razy
    (3 od ostatniego zresetowania)
  • Średni wynik to 37 z 50

Statystyki odpowiedzi

PowiatLudnośćMiasto% Poprawnych
Buski16000Busko-zdrój
100%
Kielecki4500Chęciny
100%
Ostrowiecki3200Ćmielów
100%
Jędrzejowski16100Jędrzejów
100%
Kazimierski5700Kazimierza Wielka
100%
Kielecki190000Kielce
100%
Konecki19500Końskie
100%
Ostrowiecki3200Kunów
100%
Kielecki1400Nowa Słupia
100%
Opatowski6800Opatów
100%
Ostrowiecki65000Ostrowiec Świętokrzyski
100%
Pińczowski10000Pińczów
100%
Sandomierski23000Sandomierz
100%
Skarżyski48000Skarżysko-Kamienna
100%
Starachowicki50000Starachowice
100%
Staszowski15500Staszów
100%
Skarżyski8500Suchedniów
100%
Starachowicki2800Wąchock
100%
Włoszczowski10100Włoszczowa
100%
Kielecki2500Bodzentyn
67%
Kielecki3700Chmielnik
67%
Kielecki2900Daleszyce
67%
Pińczowski950Działoszyce
67%
Konecki1800Gowarczów
67%
Opatowski1350Iwaniska
67%
Sandomierski1850Klimontów
67%
Sandomierski2500Koprzywnica
67%
Kielecki1700Łagów
67%
Jedrzejowski3800Małogoszcz
67%
Buski1050Nowy Korczyn
67%
Kazimierski400Opatowiec
67%
Opatowski4700Ozarów
67%
Buski1100Pacanów
67%
Kielecki3100Piekoszów
67%
Kielecki1080Pierzchnica
67%
Staszowski8500Połaniec
67%
Konecki3300Radoszyce
67%
Jędrzejowski6700Sędziszów
67%
Konecki6150Stąporków
67%
Buski1180Stopnica
67%
Staszowski970Szydłów
67%
Buski480Wiślica
67%
Jędrzejowski980Wodzisław
67%
Sandomierski1800Zawichost
67%
Staszowski1100Bogoria
33%
Kielecki1500Łopuszno
33%
Staszowski1800Oleśnica
33%
Staszowski2000Osiek
33%
Kazimierski1300Skalbmierz
33%
Kielecki1700Morawica
0%

Rozkład punktacji

Percentyl według liczby udzielonych odpowiedzi

Procent ludzi z każdym wynikiem

Twoja historia wyników

Nie rozwiązałeś tego quizu od ostatniego zresetowania